Star Trek: The Next Generation Trivia - Statistics

General Stats
  • This quiz has been taken 65 times
  • The average score is 10 of 15
Answer Stats
Hint Answer % Correct
Evil race intent on assimilating humanity Borg
98%
Captain of the Enterprise-D Picard
98%
Omnipotent being who likes to plays around with Picard Q
98%
Android who wants to be a human Data
92%
Chief Engineer on the Enterprise Geordi LaForge
92%
Number of seasons 7
86%
Counselor of the Enterprise Deanna Troi
80%
Son of Beverly Crusher Wesley Crusher
80%
Data's archenemy in the Sherlock Holmes holodeck program Professor Moriarty
58%
Class of ship that the Enterprise-D falls in Galaxy-class
52%
Name of the first episode Encounter at Farpoint
50%
Infamous battle in which Picard led the Borg against a Federation fleet Wolf 359
48%
The crew travels back in time to see this previous version of the Enterprise Enterprise-C
44%
Picard's lover, also a archeologist Vash
34%
The Enterprise's "sister ship" USS Yamato
18%
No matching quizzes found
Score Distribution
Percent of People with Each Score
Percentile by Number Answered
Your Score History
You have not taken this quiz